00632nam a22002177i 4500001000400000003000400004005001700008007000300025008004100028024001300069040000800082084001200090100001900102245007600121260006800197300001900265490006400284700002200348700002300370700002100393490OSt20170126082243.0tu161220s1987 xxu||||| |||| 00| 0 d7 a4892RID cOSt a8.212z1 aAlton, Thad P.00aEastern Europe:Domestic Final Uses of Gross Product,1970 and 1975-1986 aNew York :bL.W. International Financial Research, Inc.,c1987. a53 S. ;c30cm. aNational Income in East Central Europe,Occasional Paperv971 aBadach, Krzysztof1 aBass, Elizabeth M.1 aLazarcik, Gregor